Técnicas cuantitativas aplicadas a las decisiones en la economía de empresas /

Guardado en:
Autor Principal: Dresdner, Mario O.
Otros Autores: Evelson, Abel R., Dresdner, Eduardo C.
Formato: Libro
Idioma:Spanish
Publicado: Buenos Aires : El Coloquio, 1973.
Materias:
Etiquetas: Agregar Etiqueta
Sin Etiquetas, Sea el primero en etiquetar este registro!
LEADER 00793nam a22002175 4500
001 EAD.ead003227
008 080718s1973####ag############000#0#spa#d
005 20120705134245.0
245 1 0 |a Técnicas cuantitativas aplicadas a las decisiones en la economía de empresas /  |c Mario O. Dresdner, Abel R. Evelson, Eduardo C. Dresdner. 
260 |a Buenos Aires :  |b El Coloquio,  |c 1973. 
300 |a xviii, 393 p. ;  |c 21 cm. 
100 1 |a Dresdner, Mario O. 
700 1 |a Evelson, Abel R. 
700 1 |a Dresdner, Eduardo C. 
082 0 4 |a 658.4034  |2 21 
653 |a Stocks 
653 |a Métodos cuantitativos 
650 7 |a Toma de decisiones.  |2 unbist 
650 7 |a Teoría de los juegos.  |2 unbist 
650 7 |a Programación lineal.  |2 unbist 
859 |a AR-BaBDC  |b BIB. ADMINISTRACION - Libros  |h 658.4034  |i D816  |p b01995